| 000 | 00619cab a2200205 4500 | ||
|---|---|---|---|
| 001 | WB3422-56 | ||
| 008 | 090401t1998 xxu||||| |||| 00| 0 eng d | ||
| 035 | _a(Sirsi) u86709 | ||
| 041 | _aeng | ||
| 245 | _aZones of uncertainty | ||
| 260 | _c1998 | ||
| 350 | _a0 | ||
| 490 |
_aProperty Week _v63(6) 5 June 1998, 6(1) |
||
| 520 | _aUncertainty surrounding the future of Enterprise Zones under Labour has not deterred investors according to St Quintin`s ninth annual survey of the market. | ||
| 650 | _aENTERPRISE ZONES | ||
| 650 | _aST QUINTIN | ||
| 690 | _aURBAN RENEWAL | ||
| 942 | _n0 | ||
| 948 | _c09/06/1998 | ||
| 999 |
_c54600 _d54600 |
||